01803 a2200181 45000010006000000050017000060080041000230030015000640400040000790800035001192450027001542640080001813000019002615051275002801000023015557000023015787000020016012994720260407155610.0260407a1965 arg spa dAR-UNSa-BCEJYS aAR-UNSa-BCEJYSbspacAR-UNSa-BCEJYS a657.47xContabilidad de Costos10aContraloria práctica 1aMéxico :bUnión Tipográfica Editorial Hispano-Americana (UTEHA)c1965 a821 p.c24 cm. aParte I Funciones y organización - 1. Función del conttralor - 2. Función de la información legal - 3. Función del control de la propiedad - 4. El contralor y la función administrativa - 5. Organización del departamento del contralor - Parte II El contralor y las técnicas básicas - 6. El sistema de contabilidad - 7. Sistema de contabilidad-adaptaciones - 8. Costos de fabricación - 9. Costos de fabricación (continuación) - 10. Costos de fabricación (Conclusión) - 11. Costeo directo - 12. Costos administrativos y de distribución - 13. Costos administrativos y de distribución (Continuación) - 14. Control del inventario - 15. Valuación del inventario - 16. Valuación del inventario (Continuación) - 17. Normas y métodos de depreciación - 18. Estados e informes para la gerencia - 19. Estados e informes para la gerencia (Continuación) - 20. Estados e informes para la gerencia (Conclusión)- Parte III El contralor y la planeación anticipada - 21. Las normas y procedimientos del presupuesto - 22. Planeación de las ganancias - 23. Planeación y control de los gastos de fábrica - 24. Planeación y normas financieras - 25. Planeación anticipada - 26. Ataque a los problemas específicos - Problemas y casos 1 aAnderson, David R.1 aGuasch Rubio, Luis1 aSchmidt, Leo A.